| 000 | 00983 a2200265 4500 | ||
|---|---|---|---|
| 008 | 100602t xxu||||| |||| 00| 0 eng d | ||
| 010 | _aENG-103400 | ||
| 020 |
_c225.00 _a9788189833329 |
||
| 035 | _aEN-86933 | ||
| 037 | _bDBAD / PUB | ||
| 040 |
_aDPL _bEng |
||
| 082 | _a320.533094 | ||
| 100 |
_932320 _aRenton, Dave |
||
| 245 |
_aFascism : _cby Dave Renton _btheory and practice / |
||
| 260 |
_aDelhi _bAakar Books _c2007 |
||
| 270 |
_a28E Pocket 4, Mayur Vihar Phase 1, _bDelhi _e110091 _k011-22795505 _l011-22795641 _maakarbooks@gmail. |
||
| 300 | v |
_avii,150p. _c24cm (pbk ) |
|
| 500 | _aIncludes bibliographical references and index | ||
| 650 |
_aFascism. _933813 |
||
| 650 |
_aFascism _xHistory. _zEurope _933814 |
||
| 700 | _932354 | ||
| 710 | _932355 | ||
| 942 |
_adpl _cEN _2ddc _mREN _h320.533094 |
||
| 999 |
_c55366 _d55366 |
||